000 02015nam0a2200337 i 4500
001 RU\NLR\bibl\1935424
005 20260408081314.0
010 _a9785941704156
_9100
021 _aRU
_b2012-55264
_94036
035 _a(NLR Aleph) 001924731
090 _a3354141
_c3354141
100 _a20120817d2012 k y0rusy50 ca
101 0 _arus
102 _aRU
105 _aa |||||||||
200 1 _aИнновационные технологии в машиностроительном комплексе
_eI Международная научно-практическая конференция, г. Пенза, 15-16 декабря 2011 г.
_eсборник трудов
_f[редкол.: Зверовщиков В.З. (гл. ред.) и др.]
210 _aПенза
_cИзд-во ПГУ
_d2012
215 _a358, [1] с.
_cил.
_d21
300 _aВ надзаг.: Правительство Пенз. обл., М-во образования Пенз. обл., ФГУП ФНПЦ "ПО Старт" им. М.В. Проценко", Совет молодых ученых Пенз. обл., Федер. гос. бюджет. образоват. учреждение высш. проф. образования "Пенз. гос. ун-т"
320 _aБиблиогр. в конце ст.
606 1 _aМашиностроение
_jСъезды, совещания и т.п.
_91221571
_3RU\NLR\auth\66178864
686 _aК5я431(0)
702 1 _aЗверовщиков
_bВ. З.
_gВладимир Зиновьевич
_4340
711 1 2 _a"Инновационные технологии в машиностроительном комплексе", международная научно-практическая конференция
_d1
_f2011
_eПенза
_3RU\NLR\AUTH\8810221564
_9328060
801 0 _aRU
_bNLR
_c20120817
_gRCR
801 1 _aRU
_bNLR
_c20120817
830 _aред. по базе
942 _cBOOK
980 _aNBR